Placez les capitales d'Europe sur une carte - Statistiques

Statistiques générales
  • Ce quiz a été pris 4 310 fois
  • Le résultat moyen est 19 sur 45
Réponses sur la Carte
Les réponses sont colorées sur une échelle allant du rouge au vert en fonction du pourcentage des utilisateurs qui les ont devinées à leur premier essai. Vous pouvez retrouver ces pourcentages ci-dessous.
 
Statistiques - réponses
Réponse % Correct
Luxembourg
55%
Bruxelles
54%
Paris
54%
Amsterdam
53%
Londres
53%
Madrid
53%
Monaco
53%
Andorre-la-Vieille
52%
Berne
51%
Dublin
50%
Vatican
50%
Rome
49%
Lisbonne
48%
Saint-Marin
48%
La Valette
47%
Zagreb
46%
Athènes
45%
Prague
44%
Berlin
43%
Minsk
43%
Vienne
43%
Budapest
42%
Tirana
41%
Varsovie
41%
Sarajevo
40%
Belgrade
39%
Ljubljana
39%
Riga
38%
Tallinn
38%
Vaduz
38%
Chișinău
37%
Skopje
37%
Copenhague
36%
Pristina
35%
Oslo
34%
Podgorica
34%
Vilnius
34%
Bratislava
33%
Helsinki
31%
Kiev
31%
Bucarest
30%
Moscou
30%
Stockholm
30%
Sofia
29%
Reykjavik
28%
Aucun quiz correspondant
Distribution des résultats
% des personnes avec chaque résultat
Percentile par nombre de réponses
Votre historique - résultats
Vous n’avez pas pris ce quiz